Country Capital Initials Quiz Stats

 Plays Quiz Updated Mar 28, 2017

Challenge
Share
Tweet
Embed
Score 0/44 Timer 05:00
5 Plays Today
Capital % Correct
Oslo
92.5%
Kiev
91.2%
Ottawa
86.6%
Buenos Aires
86.4%
Amsterdam
85.4%
Helsinki
85.1%
Kingston
83.3%
Ankara
77.7%
Wellington
76.2%
Montevideo
74.9%
Islamabad
72.1%
Nairobi
71.6%
Reykjavik
71.5%
Riyadh
69.2%
Damascus
68.8%
Amman
67.7%
Kuala Lumpur
66.8%
Zagreb
65.1%
Ulaanbaatar
64.6%
Nassau
63.8%
Thailand (Bangkok)
61.5%
Abu Dhabi
58.6%
Capital % Correct
Tirana
56.9%
AsunciĆ³n
53.9%
Georgetown
52.8%
Sudan (Khartoum)
51.9%
Accra
51.8%
Tegucigalpa
50.5%
Cuba (Havana)
50%
Spain (Madrid)
49.7%
Abuja
48.4%
Vientiane
44%
Bolivia (La Paz)
41.7%
Antananarivo
40.1%
Apia
37.6%
Asmara
36.6%
Dushanbe
36.3%
Ashgabat
34.8%
Lusaka
34.5%
Honiara
33.8%
Roseau
32.9%
Kiribati (Tarawa)
30%
Majuro
26%
Palikir
24.2%

You're not logged in!

Compare scores with friends on all Sporcle quizzes.
OR
Log In

You Might Also Like...

Show Comments

Extras

Top Quizzes Today


Score Distribution

Your Account Isn't Verified!

In order to create a playlist on Sporcle, you need to verify the email address you used during registration. Go to your Sporcle Settings to finish the process.

Report this User

Report this user for behavior that violates our Community Guidelines.

Details: